1545 1745 1704 1688 1809 1937 1132 1986 1475 1253 1893 1591 1438 1110 1281 1655 1437 1254 1392 1947 1965 1849 1163 1819 1356 1129 1679 1374 1922 1219 1988 1029 1272 1565 1225 1865 1394 1287 1548 1195 1177 1152 1043 1972 1011 1168 1065 1423 1481 1002 1498 1897 1581 1449 1289 1032 1969 1323 1712 1977 1486 1723 1343 1889 1133 1531 1758 1524 1611 1467 1617 1367 1684 1596 1985 1119 1718 1021 1988 1885 1801 1752 1843 1899 1248 1354 1865 1449 1412 1946 1618 1868 1907 1397 1800 1013 1696 1160 1041 BCNSPRNW ULIB Ver.6.0+V

เปลี่ยนเป็นภาษาไทย

Change to English
 แสดงรายละเอียดบรรณานุกรม
  กลับหน้าหลัก

Brief Record : Get Marc (ISO 2709) : E-mail record : QR code < ปิดหน้าต่าง
LEADER : 00000nam 2200000uu 4500
001    13399121169
003     ULIB
008    121107s2554||||th 000 0 tha d
020    ^a9789744665263
060 04 ^aWY160^bส869ก
100 0  ^aสุวนีย์ เกี่ยวกิ่งแก้ว
245 10 ^aการพยาบาลจิตเวช =^bPsychiatric nursing /^cสุวนีย์ เกี่ยวกิ่งแก้ว
246 31 ^aPsychiatric nursing
250    ^aพิมพ์ครั้งที่ 2
260    ^aกรุงเทพฯ :^bโรงพิมพ์มหาวิทยาลัยธรรมศาสตร์,^c2554
300    ^axv, 380 หน้า :^bภาพประกอบ ;^c26 ซม.
504    ^aมีบรรณานุกรมและดัชนี
650  4 ^aการพยาบาลจิตเวชศาสตร์
650  4 ^aจิตเวชศาสตร์
856    ^zการพยาบาลจิตเวช.pdf (Content)^uhttp://ulibm.bcnsprnw.ac.th/ULIB6//_fulltext/5/13399121169/20121108113107_3227.pdf
945    ^p320^l0^i032979
945    ^p320^l0^i032980
945    ^p320^l0^i032981
945    ^p320^l0^i032982
945    ^p320^l0^i033002
945    ^p320^l0^i032983
945    ^p320^l0^i032984
995    ^a เกษร
999    ^aใช้งานได้ทุกระบบ
รายการนี้ยังไม่มีแท็ก
คุณยังไม่ได้ล็อกอิน คุณสามารถมีกิจกรรมร่วมกับเว็บไซต์ได้ แต่ต้องล็อกอินก่อน ::
  ล็อกอิน

รายการสื่อสารสนเทศ

ลำดับที่ ประเภท เลขเรียก/บาร์โค้ด สถานที่ สถานะ
1. วิทยาศาสตร์การแพทย์ และสุขภาพ
หนังสือสำรอง
สถานะ=หนังสือสำรอง
WY160 ส869ก ฉ.1 
  Barcode: 032979
ห้องสมุดวิทยาเขตสวรรค์ประชารักษ์
►ส่วนจัดเก็บหนังสือเก่า สปร
บนชั้น
  ขอยืม
2. วิทยาศาสตร์การแพทย์ และสุขภาพ
วิทยาศาสตร์การแพทย์ และสุขภาพ
WY160 ส869ก ฉ.2 
  Barcode: 032980
ห้องสมุดวิทยาเขตสวรรค์ประชารักษ์
►ส่วนจัดเก็บหนังสือเก่า สปร
บนชั้น
  ขอยืม
3. วิทยาศาสตร์การแพทย์ และสุขภาพ
วิทยาศาสตร์การแพทย์ และสุขภาพ
WY160 ส869ก ฉ.3 
  Barcode: 032981
ห้องสมุดวิทยาเขตสวรรค์ประชารักษ์
►ส่วนจัดเก็บหนังสือเก่า สปร
บนชั้น
  ขอยืม
4. วิทยาศาสตร์การแพทย์ และสุขภาพ
วิทยาศาสตร์การแพทย์ และสุขภาพ
WY160 ส869ก ฉ.4 
  Barcode: 032982
ห้องสมุดวิทยาเขตสวรรค์ประชารักษ์
►หนังสือทั่วไป
บนชั้น
5. วิทยาศาสตร์การแพทย์ และสุขภาพ
วิทยาศาสตร์การแพทย์ และสุขภาพ
WY160 ส869ก ฉ.5 
  Barcode: 033002
ห้องสมุดวิทยาเขตสวรรค์ประชารักษ์
►หนังสือทั่วไป
บนชั้น
6. วิทยาศาสตร์การแพทย์ และสุขภาพ
วิทยาศาสตร์การแพทย์ และสุขภาพ
WY160 ส869ก ฉ.6 
  Barcode: 032983
ห้องสมุดวิทยาเขตสวรรค์ประชารักษ์
►ส่วนจัดเก็บหนังสือเก่า สปร
บนชั้น
  ขอยืม
7. วิทยาศาสตร์การแพทย์ และสุขภาพ
วิทยาศาสตร์การแพทย์ และสุขภาพ
WY160 ส869ก ฉ.7 
  Barcode: 032984
ห้องสมุดวิทยาเขตสวรรค์ประชารักษ์
►ส่วนจัดเก็บหนังสือเก่า สปร
บนชั้น
  ขอยืม

รายการใกล้เคียง
    ผู้แต่ง [สุวนีย์ เกี่ยวกิ่งแก้ว]

    หัวเรื่อง [การพยาบาลจิตเวชศาสตร์]
    หัวเรื่อง [จิตเวชศาสตร์]

BibComment


ยังไม่เคยถูกคอมเมนท์

คอมเมนท์ทรัพยากรรายการนี้
  คอมเมนท์: การพยาบาลจิตเวช ..


 Copyright 2026. Bcnsprnw @Library